Ceràmiques gregues i helenístiques a la Península Ibèrica : taula rodona amb motiu del 75è aniversari de les excavacions d'Empúries, 18-20 març 1983 / organització: Marina Picazo i Enric Sanmartí taula rodona amb motiu del 75è aniversari de les excavacions d'Empúries, 18-20 març 1983 / organització:

ISBN: 84-85060-45-8
Descripció física: 167 p. : il. ; 29 cm

MARC

LEADER 00000nam a2200000Ia 4500
001 8404
008 160829s1985 xx 000 0 cat d
020 |a 84-85060-45-8 
080 |a B-1-60 
245 |a Ceràmiques gregues i helenístiques a la Península Ibèrica :  |b  taula rodona amb motiu del 75è aniversari de les excavacions d'Empúries, 18-20 març 1983 / organització:  |b  Marina Picazo i Enric Sanmartí 
260 |a Barcelona :  |b Diputació. Institut de Prehistoria i Arqueologia,  |c 1985 
300 |a 167 p. :  |b  il. ;  |c 29 cm 
490 |a Monografies emporitanes ; 7 
590 |a Bibliografia 
650 |a Ceràmica grega  |x Península Ibèrica  |x Congressos   |9 28424 
650 |a Ceràmica hel·lenística  |x Península Ibèrica  |x Congressos  |9 28425 
700 |a Picazo, Marina   |9 28426 
700 |a Sanmartí i Grego, Enric   |9 19674 
710 2 |a Institut de Prehistòria i Arqueologia (Barcelona, Catalunya)  |9 52785 
901 |a Arxiu 
942 |n 1 
952 |0 0  |1 0  |4 0  |6 B160  |7 1  |9 44814  |a Arxiu  |b Arxiu  |d 2016-12-01  |l 0  |o B-1-60  |p 8404  |r 2016-12-01 00:00:00  |w 2016-12-01  |y ARXIU 
999 |c 47412  |d 47412